Loading...
| Science - Other | 0 | 3 | 1 | 1 | 25 | 70 | 106.00 | 1 | 1 | 4.59 | 14.00 |
| Mythology | 0 | 3 | 1 | 0 | 25 | 64 | 79.67 | 1 | 2 | 10.66 | 18.00 |
| Fine Arts - Painting and Sculpture | 0 | 3 | 1 | 1 | 25 | 62 | 80.67 | 1 | 2 | 10.72 | 20.00 |
| History - World | 0 | 2 | 0 | 0 | 20 | 64 | 79.00 | 1 | 2 | 7.04 | 16.00 |
| Literature - American | 0 | 2 | 0 | 0 | 20 | 51 | 76.50 | 0 | 2 | 9.34 | 14.00 |
| Social Science | 0 | 2 | 1 | 0 | 15 | 59 | 61.50 | 1 | 2 | 8.23 | 16.00 |
| Science - Physics | 0 | 2 | 1 | 0 | 15 | 86 | 96.00 | 0 | 1 | 3.59 | 10.00 |
| Current Events | 0 | 1 | 0 | 0 | 10 | 46 | 46.00 | 0 | 1 | 30.83 | 40.00 |
| Fine Arts - Classical Music | 0 | 1 | 0 | 0 | 10 | 132 | 132.00 | 0 | 0 | 0.57 | 2.00 |
| Fine Arts - Other | 0 | 1 | 0 | 0 | 10 | 83 | 83.00 | 0 | 1 | 3.52 | 8.00 |
| History - American | 0 | 1 | 0 | 0 | 10 | 111 | 111.00 | 0 | 0 | 1.33 | 4.00 |
| History - Other | 0 | 1 | 0 | 0 | 10 | 20 | 20.00 | 1 | 1 | 8.33 | 10.00 |
| Literature - World | 0 | 1 | 0 | 1 | 10 | 113 | 113.00 | 0 | 0 | 1.63 | 2.00 |
| Popular Culture | 0 | 1 | 0 | 0 | 10 | 36 | 36.00 | 0 | 1 | 36.36 | 30.00 |
| Religion | 0 | 2 | 2 | 0 | 10 | 63 | 70.00 | 1 | 2 | 8.80 | 18.00 |
| Literature - European | 0 | 1 | 1 | 0 | 5 | 107 | 107.00 | 0 | 1 | 2.30 | 6.00 |
| Philosophy | 0 | 1 | 1 | 0 | 5 | 84 | 84.00 | 0 | 1 | 2.70 | 4.00 |
| Literature - British | 0 | 1 | 1 | 0 | 5 | 131 | 131.00 | 0 | 0 | 0.97 | 2.00 |
| History - European | 0 | 1 | 2 | 0 | 0 | 96 | 96.00 | 0 | 1 | 2.32 | 8.00 |
| Science - Chemistry | 0 | 0 | 0 | 0 | 0 | 0.00 | 0 | 0 | 0.00 | 0.00 |